| 000 | 005450000a22001810004500 | ||
|---|---|---|---|
| 003 | MACL | ||
| 005 | 20160221133405.0 | ||
| 008 | 160221b xxu||||| |||| 00| 0 eng d | ||
| 040 |
_aMACL _cMACL |
||
| 041 | _aHindi | ||
| 082 | _a398 | ||
| 100 |
_aरामनरेश त्रिपाठी _939464 |
||
| 245 | _aग्राम साहित्य | ||
| 260 |
_bहिन्दी मन्दिर प्रयाग _c1951 _aसुलतानपुर |
||
| 350 | _a4 | ||
| 650 |
_aFolklore _939465 |
||
| 942 |
_cHIN _k398 _2ddc |
||
| 999 |
_c23332 _d23332 |
||